Can government go bankrupt? /

Bibliographic Details
Main Author: Rose, Richard, 1933-
Other Authors: Peters, B. Guy
Format: Book
Language:English
Published: New York : Basic Books, [1978]
Subjects:

MARC

Tag First Indicator Second Indicator Subfields
LEADER 00000pam a2200000 i 4500
001 in00000307495
005 20151010151244.0
008 780707s1978 nyu b 00110 eng
010 |a  78054493  
020 |a 0465008348 :  |c $12.50 
035 |a (OCoLC)04136113 
035 |9 ABH9379AM 
040 |a DLC  |c DLC  |d TXA  |d UtOrBLW 
049 |a TXAM  |c [1402357] 
050 0 0 |a HJ141  |b .R64 
082 0 |a 336.3/4/01 
100 1 |a Rose, Richard,  |d 1933- 
245 1 0 |a Can government go bankrupt? /  |c Richard Rose & Guy Peters. 
264 1 |a New York :  |b Basic Books,  |c [1978] 
264 4 |c ©1978 
300 |a xv, 283 pages ;  |c 22 cm. 
336 |a text  |b txt  |2 rdacontent 
337 |a unmediated  |b n  |2 rdamedia 
338 |a volume  |b nc  |2 rdacarrier 
504 |a Includes bibliographical references and index. 
650 0 |a Finance, Public. 
650 0 |a Debts, Public. 
650 0 |a Bankruptcy. 
700 1 |a Peters, B. Guy. 
999 |a MARS 
999 f f |s 57e66168-be2d-3d2d-80f8-3e32f6cb9297  |i 3135c5cc-29e6-3183-bc58-9225e7ac5cf2  |t 0 
952 f f |p ric  |a Texas A&M University  |b Rellis Campus  |c Joint Library Facility  |d Remote Storage  |t 0  |e HJ141 .R64  |h Library of Congress classification  |i unmediated -- volume  |m A14802892094 
998 f f |a HJ141 .R64  |t 0  |l Remote Storage